Central Library OPAC University of Rajshahi

Fundamentals of management science / (Record no. 75911)

MARC details
000 -LEADER
fixed length control field 00945nam a2200301 a 4500
001 - CONTROL NUMBER
control field 75911
003 - CONTROL NUMBER IDENTIFIER
rucl marc code BD-RjUL
005 - DATE AND TIME OF LATEST TRANSACTION
control field 20211209082748.0
008 - FIXED-LENGTH DATA ELEMENTS--GENERAL INFORMATION
fixed length control field 190914s1985 txua b 001 0 eng
020 ## - INTERNATIONAL STANDARD BOOK NUMBER
International Standard Book Number 0256030782
035 ## - SYSTEM CONTROL NUMBER
System control number (BD-RjUL)76130
040 ## - CATALOGING SOURCE
Original cataloging agency DLC
Transcribing agency DLC
Modifying agency DLC
-- BD-RjUL
Language of cataloging eng
041 ## - LANGUAGE CODE
Language code of text/sound track or separate title eng
082 00 - DEWEY DECIMAL CLASSIFICATION NUMBER
Classification number 658.403
Author mark and year TUF 1985
100 1# - MAIN ENTRY--PERSONAL NAME
Personal name Turban, Efraim.
9 (RLIN) 232892
245 10 - TITLE STATEMENT
Title Fundamentals of management science /
Statement of responsibility, etc. Efraim Turban, Jack R. Meredith.
250 ## - EDITION STATEMENT
Edition statement 3rd ed.
260 ## - PUBLICATION, DISTRIBUTION, ETC. (IMPRINT)
Place of publication, distribution, etc. Plano, Tex. :
Name of publisher, distributor, etc. Business Publications,
Date of publication, distribution, etc. c1985.
300 ## - PHYSICAL DESCRIPTION
Pagination xix, 821 p. :
Illustrations ill. (some col.) ;
Size 25 cm.
504 ## - BIBLIOGRAPHY, ETC. NOTE
Bibliography, etc Includes bibliographies and index.
650 #0 - SUBJECT ADDED ENTRY--TOPICAL TERM
Topical term or geographic name as entry element Management science.
9 (RLIN) 232893
Topical term or geographic name as entry element Decision making
General subdivision Mathematical models
9 (RLIN) 232896
Topical term or geographic name as entry element Management
General subdivision Mathematical models.
9 (RLIN) 232894
700 1# - ADDED ENTRY--PERSONAL NAME
Personal name Meredith, Jack R.
942 ## - ADDED ENTRY ELEMENTS (KOHA)
Source of classification or shelving scheme Dewey Decimal Classification
Koha item type Books
Holdings
Lost status Source of classification or shelving scheme Damaged status Not for loan Collection code Permanent Location Current Location Shelving location Date acquired Source of acquisition Total Checkouts Full call number Date last seen Copy number Koha item type
  Dewey Decimal Classification     Non-fiction Central Library, University of Rajshahi Central Library, University of Rajshahi Reading Room 09/03/1989 Asia Foundation , Sanfrancisco, California U.S.A.   658.403 TUF 1985 14/09/2019 C-1 Books